Využitie softwarových nástrojov pri navrhovaní a posudzovaní stokových sietí : Habilitačná práca

Guardado en:
Detalles Bibliográficos
Autor principal: Stanko, Štefan, 1964- (Autor)
Formato: Manuscrito Libro
Lenguaje:eslovaco
Publicado: Bratislava : STU v Bratislave SvF, 2010
Etiquetas: Agregar Etiqueta
Sin Etiquetas, Sea el primero en etiquetar este registro!

MARC

LEADER 00000ntm a22000003a 4500
001 stu219664
005 20150617230115.1
008 101221s2010----xo------------------slo-d
040 |a STU  |b slo 
041 0 |a slo 
044 |a xo 
100 1 |a Stanko, Štefan,  |d 1964-  |4 aut  |u V280  |U SvF Stavebná fakulta  |T SvF Katedra zdravotného inžinierstva  |X 2740  |U V280  |Y 29  |7 A000002740 
245 1 |a Využitie softwarových nástrojov pri navrhovaní a posudzovaní stokových sietí :  |b Habilitačná práca 
260 |a Bratislava :  |b STU v Bratislave SvF,  |c 2010 
300 |a 129 s 
996 |b 284V033977  |c V*2760/HP-163  |l VVS  |s A  |a 24  |w stu219664_0001